000 00511nam a2200181Ia 4500
999 _c32396
_d32396
003 OSt
005 20200804094030.0
008 190216s9999||||xx |||||||||||||| ||und||
020 _a9788181282620
040 _coclc
082 _a511.5
_bGOD/A
100 _aGodsil, Chris
_93923
245 0 _aAlgebraic Graph Theory /
_cChris Godsil ; Gordon Royle
260 _bSpringer,
_c2011.
_aNew York:
300 _a439p
650 _aMathematics
942 _cBK
_2ddc
_h511.5
_iGOD/A
_k511.5
_mGOD/A